[Event "AUS-ch"]
[Site "Sydney"]
[Date "2020.01.13"]
[Round "11"]
[White "McClymont, Brodie"]
[Black "Hu, Jason"]
[Result "0-1"]
[WhiteElo "2421"]
[BlackElo "2159"]
[PlyCount "87"]
[EventDate "2020.01.02"]
[EventType "swiss"]
[EventRounds "11"]
[EventCountry "AUS"]
[SourceTitle "CBM 194 Extra"]
[Source "ChessBase"]
[SourceDate "2020.03.31"]
[SourceVersion "1"]
[SourceVersionDate "2020.03.31"]
[SourceQuality "1"]

1. e4 c6 2. d4 d5 3. e5 Bf5 4. Nf3 e6 5. Be2 c5 6. Be3 Qb6 7. Nc3 Nc6 8. 0-0 c4 9. Rb1 Qa5 10. Nh4 Bg6 11. f4 Be7 12. Nxg6 hxg6 13. a3 b5 14. b4 Qxa3 15. Rf3 Qa6 16. g4 Bxb4 17. Nxb5 Qxb5 18. c3 a5 19. f5 gxf5 20. gxf5 Nge7 21. fxe6 fxe6 22. Qc2 Qa6 23. Bf1 Nf5 24. cxb4 axb4 25. Bh3 b3 26. Qf2 Nce7 27. Bg5 Qa2 28. Rb2 Qa1+ 29. Bf1 Qd1 30. Rd2 Qb1 31. Rb2 Qa1 32. Bxe7 Kxe7 33. Qd2 Kf7 34. Rf2 Rh6 35. Qb4 Kg8 36. Qd2 Qa5 37. Qg5 Qd8 38. Rxf5 exf5 39. Qxf5 Ra2 40. Rg2 Rxg2+ 41. Bxg2 c3 42. e6 c2 43. Qf7+ Kh8 44. Qxg7+ 0-1

[Event "AUS-ch"]
[Site "Sydney"]
[Date "2020.01.06"]
[Round "5"]
[White "O'Chee, Kevin"]
[Black "Hu, Jason"]
[Result "1/2-1/2"]
[WhiteElo "2156"]
[BlackElo "2159"]
[PlyCount "137"]
[EventDate "2020.01.02"]
[EventType "swiss"]
[EventRounds "11"]
[EventCountry "AUS"]
[SourceTitle "CBM 194 Extra"]
[Source "ChessBase"]
[SourceDate "2020.03.31"]
[SourceVersion "1"]
[SourceVersionDate "2020.03.31"]
[SourceQuality "1"]

1. e4 c6 2. Nf3 d5 3. Nc3 Bg4 4. h3 Bxf3 5. Qxf3 Nf6 6. d3 e6 7. a3 Nbd7 8. g3 Bc5 9. Bg2 0-0 10. 0-0 b5 11. Rd1 Qb6 12. Qe2 Bd4 13. Nb1 Rfc8 14. c3 Bc5 15. Nd2 a5 16. d4 Bf8 17. e5 Ne8 18. Nf3 c5 19. Qd3 cxd4 20. cxd4 b4 21. Ng5 f5 22. Bxd5 exd5 23. Qxf5 Ndf6 24. exf6 Nxf6 25. Ne6 bxa3 26. bxa3 Re8 27. Nxf8 Rxf8 28. Bg5 Qd6 29. Bf4 Qa6 30. Rac1 Rf7 31. Qd3 Qe6 32. Kg2 Ne4 33. f3 Rxf4 34. gxf4 Qg6+ 35. Kf1 Ng3+ 36. Ke1 Re8+ 37. Kd2 Qf6 38. Rc5 Qxf4+ 39. Kc2 Nf5 40. Rd2 Ne3+ 41. Kb3 Nc4 42. Rxc4 dxc4+ 43. Qxc4+ Kh8 44. Qc3 Rb8+ 45. Ka2 Qf5 46. Rb2 Qd5+ 47. Ka1 Re8 48. Qd3 h6 49. Rb5 Qc6 50. Rc5 Qd7 51. Rxa5 Qxh3 52. Rc5 Qg2 53. Rc1 Qg5 54. Rd1 Qd5 55. f4 Ra8 56. Qe3 Qd6 57. Rd3 Rb8 58. d5 Qf6+ 59. Qd4 Qd6 60. Rg3 Rb7 61. Qe5 Qb6 62. Qe8+ Kh7 63. Qe4+ Kh8 64. Rg2 Qb3 65. Qe8+ Kh7 66. Qg6+ Kh8 67. Qe8+ Kh7 68. Qg6+ Kh8 69. Qe8+ 1/2-1/2

[Event "AUS-ch"]
[Site "Sydney"]
[Date "2020.01.04"]
[Round "3"]
[White "Parle, Hughston"]
[Black "Hu, Jason"]
[Result "1/2-1/2"]
[WhiteElo "2057"]
[BlackElo "2159"]
[PlyCount "45"]
[EventDate "2020.01.02"]
[EventType "swiss"]
[EventRounds "11"]
[EventCountry "AUS"]
[SourceTitle "CBM 194 Extra"]
[Source "ChessBase"]
[SourceDate "2020.03.31"]
[SourceVersion "1"]
[SourceVersionDate "2020.03.31"]
[SourceQuality "1"]

1. e4 c6 2. d4 d5 3. exd5 cxd5 4. Bd3 Nc6 5. c3 Nf6 6. Bf4 Bg4 7. Qb3 Na5 8. Qa4+ Bd7 9. Qc2 Qb6 10. a4 Rc8 11. Nd2 Nc4 12. Nxc4 dxc4 13. Be2 Qa5 14. Nf3 Bf5 15. Qc1 Be4 16. 0-0 Qf5 17. Ne5 Bd5 18. Qe3 h5 19. b3 cxb3 20. Bb5+ Bc6 21. Bd3 Be4 22. Bb5+ Bc6 23. Bd3 1/2-1/2

[Event "Sydney NSW op"]
[Site "Sydney"]
[Date "2019.06.10"]
[Round "6"]
[White "Hu, Jason"]
[Black "Zhang, Jilin"]
[Result "1/2-1/2"]
[WhiteElo "2152"]
[BlackElo "2247"]
[PlyCount "137"]
[EventDate "2019.06.08"]
[EventType "swiss"]
[EventRounds "7"]
[EventCountry "AUS"]
[SourceTitle "CBM 190 Extra"]
[Source "ChessBase"]
[SourceDate "2019.07.15"]
[SourceVersion "1"]
[SourceVersionDate "2019.07.15"]
[SourceQuality "1"]

1. c4 Nf6 2. Nc3 d5 3. cxd5 Nxd5 4. e4 Nxc3 5. bxc3 g6 6. Nf3 Bg7 7. Bb5+ c6 8. Bc4 c5 9. 0-0 Nc6 10. Bb5 Bd7 11. Rb1 0-0 12. d4 cxd4 13. cxd4 Bg4 14. d5 Nd4 15. Be2 Nxe2+ 16. Qxe2 b6 17. h3 Bxf3 18. Qxf3 f5 19. Bb2 Qd6 20. Rfe1 Rad8 21. Bxg7 Kxg7 22. Rbd1 fxe4 23. Qxe4 Rd7 24. Qd4+ Qf6 25. Re5 Kg8 26. Rde1 e6 27. d6 Rfd8 28. Qc4 Rxd6 29. Rxe6 Rxe6 30. Rxe6 Qf7 31. Qe2 Qc7 32. g3 Rf8 33. Re7 Qc1+ 34. Kh2 Qc5 35. f4 b5 36. Rb7 Qc4 37. Qb2 Rf7 38. Rb8+ Rf8 39. Rb7 Rf7 40. Rxb5 Rc7 41. Rb8+ Kf7 42. Rb7 Qc6 43. Qb3+ Kg7 44. Rxc7+ Qxc7 45. a4 a5 46. Qb2+ Kf7 47. h4 h5 48. Qa2+ Kg7 49. Qe2 Qc5 50. Qe4 Qf2+ 51. Kh3 Qf1+ 52. Qg2 Qa6 53. Qb2+ Kf7 54. Qb3+ Kg7 55. Qc3+ Kg8 56. Qb3+ Kg7 57. Qb2+ Kf7 58. Kh2 Qa7 59. Qd2 Qc5 60. Qd7+ Kf6 61. Qd8+ Kf7 62. Qd7+ Kf6 63. Kg2 Qc2+ 64. Kf3 Qc3+ 65. Kf2 Qc2+ 66. Ke3 Qb3+ 67. Kf2 Qc2+ 68. Kf3 Qc3+ 69. Kf2 1/2-1/2

[Event "Sydney NSW op"]
[Site "Sydney"]
[Date "2019.06.09"]
[Round "3"]
[White "Fernandez, Daniel Howard"]
[Black "Hu, Jason"]
[Result "1-0"]
[WhiteElo "2466"]
[BlackElo "2152"]
[PlyCount "137"]
[EventDate "2019.06.08"]
[EventType "swiss"]
[EventRounds "7"]
[EventCountry "AUS"]
[SourceTitle "CBM 190 Extra"]
[Source "ChessBase"]
[SourceDate "2019.07.15"]
[SourceVersion "1"]
[SourceVersionDate "2019.07.15"]
[SourceQuality "1"]

1. Nf3 d5 2. e3 Nf6 3. c4 c6 4. Nc3 e6 5. b3 Bd6 6. Bb2 Qe7 7. Be2 0-0 8. 0-0 e5 9. cxd5 e4 10. Nd4 cxd5 11. d3 Rd8 12. Rc1 Be5 13. dxe4 dxe4 14. Na4 Bxd4 15. Bxd4 Nc6 16. Bxf6 Qxf6 17. Qc2 Bf5 18. Nc5 Nb4 19. Qc4 Nxa2 20. Rc2 b5 21. Qxb5 Nc3 22. Qc4 Nxe2+ 23. Rxe2 Qg6 24. Ra2 Rdc8 25. Rfa1 Be6 26. Qd4 Re8 27. Qxe4 Qxe4 28. Nxe4 Bxb3 29. Rxa7 Rxa7 30. Rxa7 h6 31. Nc5 Bc4 32. h4 Rc8 33. Ne4 Bd5 34. Nd6 Rd8 35. Nf5 Be6 36. Nd4 Bc4 37. f3 Rb8 38. Rc7 Ba2 39. h5 Re8 40. Kf2 Ra8 41. g4 Re8 42. e4 Ra8 43. Rc1 Re8 44. Ke3 Rb8 45. Rc2 Ra8 46. Kf4 Kh7 47. Ke5 Ra5+ 48. Kd6 Ra6+ 49. Kc5 Ra3 50. Nb5 Ra8 51. Rc3 Rc8+ 52. Kd6 Rxc3 53. Nxc3 Bb3 54. e5 g6 55. Ne4 gxh5 56. gxh5 Kg7 57. f4 Bd1 58. Nf6 Bc2 59. Ke7 Bd3 60. Ne8+ Kg8 61. Kf6 Be2 62. Ng7 Bd1 63. f5 Bb3 64. e6 fxe6 65. fxe6 Bc4 66. e7 Bf7 67. e8Q+ Bxe8 68. Nxe8 Kh7 69. Ng7 1-0

[Event "Sydney op"]
[Site "Sydney"]
[Date "2019.04.26"]
[Round "6"]
[White "Hu, Jason"]
[Black "Padmini, Rout"]
[Result "0-1"]
[WhiteElo "2132"]
[BlackElo "2364"]
[PlyCount "100"]
[EventDate "2019.04.24"]
[EventType "swiss"]
[EventRounds "9"]
[EventCountry "AUS"]
[SourceTitle "CBM 190 Extra"]
[Source "ChessBase"]
[SourceDate "2019.07.15"]
[SourceVersion "1"]
[SourceVersionDate "2019.07.15"]
[SourceQuality "1"]

1. d4 Nf6 2. Nf3 g6 3. g3 Bg7 4. Bg2 0-0 5. 0-0 d6 6. c4 Nbd7 7. Nc3 e5 8. dxe5 dxe5 9. Qc2 c6 10. Rd1 Qe7 11. e4 h6 12. b3 a5 13. a4 Nc5 14. h3 Na6 15. Ba3 Nb4 16. Qe2 Re8 17. Rd2 Nd7 18. Na2 Bf8 19. Ne1 Qf6 20. Nxb4 axb4 21. Bb2 Qe7 22. Nd3 Nc5 23. Nxc5 Qxc5 24. Rad1 Bg7 25. Rd8 Be6 26. Rxe8+ Rxe8 27. Qd3 Ra8 28. Qe2 Re8 29. Qd3 Bf6 30. Qd6 Qa5 31. Qd3 Rd8 32. Qe2 Rxd1+ 33. Qxd1 b5 34. cxb5 cxb5 35. axb5 Qxb5 36. Qd6 Qe2 37. Bxe5 Bxe5 38. Qxe5 Qd1+ 39. Kh2 Qxb3 40. f4 Qc3 41. Qa5 Kg7 42. g4 Qd4 43. f5 gxf5 44. gxf5 Bd7 45. Qa2 Bb5 46. Bf3 Bc4 47. Qg2+ Kh7 48. Qg3 b3 49. e5 Qd2+ 50. Bg2 Bd5 0-1

[Event "Sydney op"]
[Site "Sydney"]
[Date "2019.04.25"]
[Round "3"]
[White "Xie, George Wendi"]
[Black "Hu, Jason"]
[Result "1-0"]
[WhiteElo "2359"]
[BlackElo "2132"]
[PlyCount "69"]
[EventDate "2019.04.24"]
[EventType "swiss"]
[EventRounds "9"]
[EventCountry "AUS"]
[SourceTitle "CBM 190 Extra"]
[Source "ChessBase"]
[SourceDate "2019.07.15"]
[SourceVersion "1"]
[SourceVersionDate "2019.07.15"]
[SourceQuality "1"]

1. d4 d5 2. c4 e6 3. Nf3 Nf6 4. Qb3 c6 5. Bg5 Nbd7 6. Nbd2 h6 7. Bh4 Be7 8. e3 0-0 9. Bd3 b6 10. 0-0 c5 11. Rac1 cxd4 12. exd4 dxc4 13. Nxc4 Bb7 14. Bb1 Ne4 15. Na5 Bd5 16. Bxe7 Qxe7 17. Nc6 Qd6 18. Qa4 a6 19. Nce5 b5 20. Qc2 Nef6 21. Rfe1 Bxf3 22. Nxf3 Nb6 23. Qc5 Rfd8 24. Kf1 g6 25. Ne5 Qxd4 26. Qe7 Rf8 27. Qxf6 Nd5 28. Qf3 Qxb2 29. Qd3 a5 30. Rc2 Qa1 31. Rc5 b4 32. Nxg6 Rfd8 33. Ne5 Nf6 34. Qg3+ Kf8 35. Rc7 1-0

[Event "New South Wales op"]
[Site "Sydney"]
[Date "2018.06.11"]
[Round "7"]
[White "Hu, Jason"]
[Black "Zhang, Jilin"]
[Result "1/2-1/2"]
[WhiteElo "2109"]
[BlackElo "2225"]
[PlyCount "45"]
[EventDate "2018.06.09"]
[EventType "swiss"]
[EventRounds "7"]
[EventCountry "AUS"]
[SourceTitle "EXT 2019"]
[Source "ChessBase"]
[SourceDate "2018.10.10"]
[SourceVersion "1"]
[SourceVersionDate "2018.10.10"]
[SourceQuality "1"]

1. d4 Nf6 2. Nf3 g6 3. g3 Bg7 4. Bg2 0-0 5. 0-0 c5 6. c4 cxd4 7. Nxd4 Nc6 8. Nc3 Nxd4 9. Qxd4 d6 10. Rd1 a6 11. b3 Rb8 12. Bb2 Be6 13. a4 Qa5 14. Nd5 Bxd5 15. Bxd5 Ne8 16. Qd2 Qxd2 17. Rxd2 Nc7 18. Bxg7 Kxg7 19. f4 a5 20. Kf2 Rfc8 21. Bg2 Na6 22. e4 Nc5 23. Rb1 1/2-1/2

[Event "Doeberl Cup 55th"]
[Site "Canberra"]
[Date "2017.04.14"]
[Round "3"]
[White "Zhao, Zong Yuan"]
[Black "Hu, Jason"]
[Result "1-0"]
[WhiteElo "2539"]
[BlackElo "2162"]
[PlyCount "109"]
[EventDate "2017.04.13"]
[EventType "swiss"]
[EventRounds "9"]
[EventCountry "AUS"]
[SourceTitle "CBM 177 Extra"]
[Source "ChessBase"]
[SourceDate "2017.04.27"]
[SourceVersion "1"]
[SourceVersionDate "2017.04.27"]
[SourceQuality "1"]

1. d4 d5 2. c4 c6 3. Nf3 Nf6 4. Nc3 e6 5. Bg5 Nbd7 6. e3 Be7 7. Bd3 h6 8. Bh4 0-0 9. 0-0 b6 10. Qe2 Bb7 11. Rfd1 c5 12. Ne5 cxd4 13. exd4 dxc4 14. Bxc4 Nd5 15. Bxd5 Bxd5 16. Nxd7 Bxh4 17. Nxf8 Kxf8 18. Nxd5 Qxd5 19. Qe5 Rd8 20. Qxd5 Rxd5 21. Rac1 Rd7 22. a4 Bf6 23. Rc4 g5 24. Kf1 Rd5 25. Ke2 a6 26. b3 h5 27. f3 Kg7 28. Ke3 b5 29. Rc6 bxa4 30. bxa4 a5 31. Rb6 Bd8 32. Rb5 Rd6 33. d5 Kg6 34. Rd3 Bc7 35. Kd2 Ra6 36. h3 Bd6 37. dxe6 Bf4+ 38. Kc3 fxe6 39. Kb3 h4 40. Rc3 Rd6 41. Rxa5 Bd2 42. Rac5 Bxc3 43. Rxc3 Rd5 44. Rc2 Kf5 45. Ra2 e5 46. a5 e4 47. fxe4+ Kxe4 48. a6 Rd8 49. Kc4 Kf4 50. a7 Ra8 51. Kc5 Kg3 52. Kb6 Rh8 53. a8Q Rxa8 54. Rxa8 Kxg2 55. Ra3 1-0

[Event "Oceania zt 3.6"]
[Site "Auckland"]
[Date "2017.01.20"]
[Round "9"]
[White "Rains, Edward"]
[Black "Hu, Jason"]
[Result "0-1"]
[WhiteElo "2017"]
[BlackElo "2181"]
[PlyCount "162"]
[EventDate "2017.01.14"]
[EventType "swiss"]
[EventRounds "9"]
[EventCountry "NZL"]
[SourceTitle "EXT 2018"]
[Source "ChessBase"]
[SourceDate "2017.10.13"]
[SourceVersion "1"]
[SourceVersionDate "2017.10.13"]
[SourceQuality "1"]

1. e4 c6 2. d4 d5 3. exd5 cxd5 4. Bd3 Nf6 5. c3 Nc6 6. Bf4 Bg4 7. Qb3 Na5 8. Qa4+ Bd7 9. Qc2 Qb6 10. a4 Rc8 11. Nd2 Nh5 12. Be3 e6 13. Ngf3 f5 14. g3 Bd6 15. Ne5 Qc7 16. Nxd7 Qxd7 17. Qd1 Nf6 18. Bb5 Nc6 19. Bg5 Ne4 20. Nxe4 fxe4 21. Qh5+ Qf7 22. Qxf7+ Kxf7 23. 0-0 Kg6 24. Be3 a6 25. Be2 e5 26. dxe5 Bxe5 27. Rad1 Ne7 28. f3 Rhd8 29. fxe4 dxe4 30. Rxd8 Rxd8 31. h4 h5 32. Bc4 Bf6 33. Bf4 Nd5 34. Bc1 Ne7 35. Bb3 Nf5 36. Bf4 Re8 37. Bc2 Nh6 38. Re1 Kf5 39. Bxh6 gxh6 40. Rf1+ Ke5 41. Bxe4 Rg8 42. Bxb7 Rxg3+ 43. Kh2 Rg4 44. b3 Rxh4+ 45. Kg3 Rg4+ 46. Kf3 a5 47. Rh1 Rf4+ 48. Ke3 h4 49. Kd3 Kd6 50. Rg1 Kc7 51. Be4 h3 52. b4 h2 53. Rh1 Rh4 54. b5 Rh3+ 55. Ke2 Be5 56. c4 Bd4 57. Bg2 Rh4 58. Rd1 Bg1 59. Bh1 Rxc4 60. Ra1 Kb6 61. Kd3 Rg4 62. Bc6 Bc5 63. Ra2 Bd6 64. Ke3 Rg1 65. Rc2 Bc5+ 66. Kf4 h1Q 67. Bxh1 Rxh1 68. Ke5 Rh4 69. Ra2 h5 70. Kd5 Rd4+ 71. Ke5 h4 72. Ke6 h3 73. Rh2 Rd3 74. Rc2 Rg3 75. Kd7 Rg2 76. Rc3 Rg7+ 77. Kc8 Rh7 78. Rg3 Rh8+ 79. Kd7 h2 80. Rg6+ Kb7 81. Rc6 Bb6 0-1

[Event "Oceania zt 3.6"]
[Site "Auckland"]
[Date "2017.01.17"]
[Round "6"]
[White "Hu, Jason"]
[Black "Ker, Anthony F"]
[Result "0-1"]
[WhiteElo "2181"]
[BlackElo "2300"]
[PlyCount "158"]
[EventDate "2017.01.14"]
[EventType "swiss"]
[EventRounds "9"]
[EventCountry "NZL"]
[SourceTitle "CBM 176 Extra"]
[Source "ChessBase"]
[SourceDate "2017.03.02"]
[SourceVersion "1"]
[SourceVersionDate "2017.03.02"]
[SourceQuality "1"]

1. d4 d6 2. Nf3 Bg4 3. g3 Bxf3 4. exf3 Nf6 5. Bg2 e6 6. f4 d5 7. 0-0 Be7 8. c4 c6 9. b3 0-0 10. Qd3 Qd7 11. Nc3 Rd8 12. c5 b6 13. b4 Qb7 14. Rb1 Nbd7 15. f5 e5 16. Re1 exd4 17. Nxd5 cxd5 18. Rxe7 Nxc5 19. Rxb7 Nxd3 20. Bg5 Rd6 21. Bxf6 gxf6 22. Rd1 Nxb4 23. Rxd4 a5 24. a3 Nc2 25. Rxd5 Rad8 26. Rxd6 Rxd6 27. a4 Nd4 28. Be4 Nb3 29. Rc7 Rd4 30. Bf3 Nc5 31. Bh5 Rd7 32. Rxd7 Nxd7 33. Kg2 Kf8 34. Bd1 Ke7 35. f4 Nc5 36. g4 Ne4 37. Kf3 Nc3 38. Bc2 Kd6 39. h4 b5 40. axb5 Nxb5 41. Ke3 Nc3 42. Kd4 Nd5 43. Bb3 Nxf4 44. Bxf7 Ng2 45. h5 h6 46. Be8 Ne1 47. Ba4 Nf3+ 48. Ke4 Ne5 49. Bd1 Nd7 50. Kd4 Nb6 51. Bb3 a4 52. Ba2 Nd7 53. Ke4 Ne5 54. g5 fxg5 55. f6 Nd7 56. f7 Ke7 57. Kf5 Nf8 58. Bc4 a3 59. Bb3 Nd7 60. Bc4 Kf8 61. Bd5 Kg7 62. Bc4 Nf6 63. Ke6 g4 64. f8Q+ Kxf8 65. Kxf6 g3 66. Bd5 a2 67. Bxa2 g2 68. Bf7 g1Q 69. Bg6 Qb6+ 70. Kf5 Ke7 71. Ke5 Qc5+ 72. Ke4 Kf6 73. Kd3 Ke5 74. Kd2 Kd4 75. Ke2 Qc3 76. Kf2 Qe3+ 77. Kg2 Ke5 78. Kf1 Kf4 79. Kg2 Qd2+ 0-1

[Event "Oceania zt 3.6"]
[Site "Auckland"]
[Date "2017.01.17"]
[Round "5"]
[White "Louie, Jared"]
[Black "Hu, Jason"]
[Result "0-1"]
[WhiteElo "1895"]
[BlackElo "2181"]
[PlyCount "86"]
[EventDate "2017.01.14"]
[EventType "swiss"]
[EventRounds "9"]
[EventCountry "NZL"]
[SourceTitle "CBM 176 Extra"]
[Source "ChessBase"]
[SourceDate "2017.03.02"]
[SourceVersion "1"]
[SourceVersionDate "2017.03.02"]
[SourceQuality "1"]

1. d4 d5 2. Nf3 Nf6 3. g3 c6 4. Bg2 Bf5 5. c4 e6 6. Nc3 Nbd7 7. Qb3 Qb6 8. c5 Qxb3 9. axb3 a6 10. b4 Rc8 11. 0-0 h6 12. Bf4 Be7 13. Nd2 g5 14. Bd6 Bxd6 15. cxd6 0-0 16. Na4 Rb8 17. f3 Bc2 18. Nc5 e5 19. Bh3 Nxc5 20. dxc5 h5 21. Ra3 Kg7 22. Rc1 Bg6 23. Bg2 d4 24. Ne4 Bxe4 25. fxe4 g4 26. Rf1 Kg6 27. Raa1 Nd7 28. Rf5 f6 29. h4 b6 30. Rxa6 bxc5 31. bxc5 Rfc8 32. Ra5 Rxb2 33. Bf1 Rc2 34. Ra7 Nxc5 35. Rc7 Rd8 36. Rxc6 Rc3 37. Bg2 Nb7 38. Rb6 Nxd6 39. Rf1 Rxg3 40. Kf2 Re3 41. Ke1 d3 42. Rf2 g3 43. Kd2 Nc4+ 0-1

[Event "Doeberl Cup 54th"]
[Site "Canberra"]
[Date "2016.03.26"]
[Round "6"]
[White "Hu, Jason"]
[Black "Chan, Luis"]
[Result "1-0"]
[WhiteElo "2166"]
[BlackElo "2065"]
[PlyCount "135"]
[EventDate "2016.03.24"]
[EventType "swiss"]
[EventRounds "9"]
[EventCountry "AUS"]
[SourceTitle "EXT 2018"]
[Source "ChessBase"]
[SourceDate "2017.10.13"]
[SourceVersion "1"]
[SourceVersionDate "2017.10.13"]
[SourceQuality "1"]

1. d4 d5 2. Nf3 Nf6 3. g3 c6 4. Bg2 Bg4 5. 0-0 e6 6. Ne5 Bf5 7. c4 Nbd7 8. Bf4 Nxe5 9. dxe5 Nd7 10. cxd5 cxd5 11. Qb3 Nc5 12. Qb5+ Qd7 13. Nc3 a6 14. Qxd7+ Kxd7 15. Rfd1 Ke8 16. Rac1 Rd8 17. Bg5 Rb8 18. b4 Ne4 19. Nxe4 dxe4 20. g4 Bxg4 21. Bxe4 h6 22. Bxb7 Bxb4 23. Rd4 a5 24. Rxg4 hxg5 25. Rc7 Be7 26. Rd4 Rh4 27. e4 Rf4 28. Kg2 Rd8 29. Bc6+ Kf8 30. Rxd8+ Bxd8 31. Rc8 Ke7 32. Rb8 f6 33. Rb7+ Kf8 34. Rb8 Ke7 35. exf6+ gxf6 36. h3 Bc7 37. Rg8 Kd6 38. Bb7 Bb6 39. f3 Rh4 40. Rc8 Bc7 41. Rf8 Ke5 42. Bc8 Rh6 43. Rf7 Kd6 44. Bxe6 Kc6 45. Kf2 Be5 46. Ke3 Rh8 47. Kd3 Rd8+ 48. Bd5+ Kb6 49. Rb7+ Ka6 50. Re7 Rh8 51. Be6 Rd8+ 52. Kc4 Rd4+ 53. Kc5 Bd6+ 54. Kxd4 Bxe7 55. Bc8+ Kb6 56. Kd5 Ba3 57. f4 Bc1 58. Ke6 gxf4 59. Kxf6 f3 60. Bg4 f2 61. Be2 Kc7 62. e5 Bb2 63. h4 Kd8 64. Bb5 Ba3 65. h5 Be7+ 66. Kf7 Bg5 67. e6 a4 68. h6 1-0

[Event "AUS-ch"]
[Site "Melbourne"]
[Date "2016.01.12"]
[Round "11"]
[White "Hu, Jason"]
[Black "Nemeth, John"]
[Result "1-0"]
[WhiteElo "2121"]
[BlackElo "2099"]
[PlyCount "55"]
[EventDate "2016.01.02"]
[EventType "swiss"]
[EventRounds "11"]
[EventCountry "AUS"]
[SourceTitle "CBM 170 Extra"]
[Source "ChessBase"]
[SourceDate "2016.02.25"]
[SourceVersion "1"]
[SourceVersionDate "2016.02.25"]
[SourceQuality "1"]

1. d4 d5 2. Nf3 Nf6 3. g3 e6 4. Bg2 Bd6 5. 0-0 0-0 6. c4 c6 7. Nc3 Nbd7 8. Qd3 Re8 9. Rd1 Qe7 10. e4 dxe4 11. Nxe4 Nxe4 12. Qxe4 h6 13. Ne5 Nf6 14. Qe2 c5 15. dxc5 Bxc5 16. Bf4 a5 17. Rac1 Ra6 18. h4 a4 19. g4 Nh7 20. g5 f6 21. gxf6 Qxf6 22. Qh5 Rf8 23. Ng6 Rb6 24. Qxc5 Qxg6 25. Qxb6 Rxf4 26. Rd8+ Nf8 27. Rxc8 Rxh4 28. Rxf8+ 1-0

[Event "Oceania zt"]
[Site "Cammeray"]
[Date "2015.07.05"]
[Round "2"]
[White "Crossman, Tom"]
[Black "Hu, Jason"]
[Result "1-0"]
[WhiteElo "1828"]
[BlackElo "2139"]
[PlyCount "109"]
[EventDate "2015.07.04"]
[EventType "swiss"]
[EventRounds "9"]
[EventCountry "AUS"]
[SourceTitle "CBM 167 Extra"]
[Source "ChessBase"]
[SourceDate "2015.09.14"]
[SourceVersion "1"]
[SourceVersionDate "2015.09.14"]
[SourceQuality "1"]

1. Nf3 d5 2. d4 Nf6 3. c4 c6 4. Qc2 e6 5. g3 a6 6. Bg2 b5 7. c5 a5 8. 0-0 Be7 9. Nbd2 Na6 10. a3 Bb7 11. Ne1 Nd7 12. e4 b4 13. exd5 exd5 14. a4 0-0 15. Nb3 Nc7 16. Nd3 Ba6 17. Rd1 Ne6 18. f4 Bc4 19. Be3 Bf6 20. Ne1 Re8 21. Bf2 g5 22. fxg5 Nxg5 23. Bf1 Bxf1 24. Kxf1 Nf8 25. Qf5 Qe7 26. Qg4 Qe4 27. Qxe4 dxe4 28. Be3 Nge6 29. Nc2 Nc7 30. Bf2 Nfe6 31. Ne3 Red8 32. Nc4 Ra6 33. h4 Nd5 34. Ke2 Be7 35. Be3 Kg7 36. Rf1 f6 37. Rf5 Kg6 38. Raf1 Ng7 39. R5f2 h5 40. Nbd2 f5 41. Ne5+ Kh7 42. Nb3 Rf8 43. Nd2 Bf6 44. Ndc4 Bxe5 45. Nxe5 Ne7 46. Bg5 Ng6 47. Nd7 Rf7 48. Nf6+ Kh8 49. Nxe4 Ne6 50. Be3 Re7 51. Rxf5 Ng7 52. Rg5 Rxe4 53. Rxg6 Ra7 54. Kd3 Rae7 55. Rf8+ 1-0

[Event "Oceania zt"]
[Site "Cammeray"]
[Date "2015.07.04"]
[Round "1"]
[White "Hu, Jason"]
[Black "Russell, Paul"]
[Result "0-1"]
[WhiteElo "2139"]
[BlackElo "1807"]
[PlyCount "102"]
[EventDate "2015.07.04"]
[EventType "swiss"]
[EventRounds "9"]
[EventCountry "AUS"]
[SourceTitle "CBM 167 Extra"]
[Source "ChessBase"]
[SourceDate "2015.09.14"]
[SourceVersion "1"]
[SourceVersionDate "2015.09.14"]
[SourceQuality "1"]

1. c4 e5 2. Nc3 Nf6 3. Nf3 Nc6 4. e3 Bb4 5. d4 e4 6. Nd2 0-0 7. Qc2 Re8 8. a3 Bxc3 9. Qxc3 d5 10. b4 a6 11. Bb2 Bf5 12. Rc1 Rc8 13. cxd5 Nxd5 14. Qc5 Nce7 15. Be2 Nf6 16. 0-0 Ned5 17. Rc2 Re6 18. Rfc1 c6 19. a4 Re8 20. Ba3 Nd7 21. Qd6 N7f6 22. Qg3 b5 23. Rxc6 Rxc6 24. Rxc6 Qa8 25. Qd6 Re6 26. Rxa6 Qxa6 27. Qxa6 Rxa6 28. Bxb5 Ra7 29. a5 Nc3 30. Bc4 Be6 31. Bf1 Nfd5 32. a6 Nc7 33. f3 exf3 34. gxf3 Nxa6 35. b5 Nb8 36. Bc5 Ra1 37. Kf2 Nd1+ 38. Ke2 Bd7 39. Nb3 Bxb5+ 40. Ke1 Rb1 41. Bxb5 Nc3+ 42. Kd2 Nxb5 43. Na5 Nd7 44. Kd3 Nxc5+ 45. dxc5 Rh1 46. c6 Rxh2 47. Kc4 Nc7 48. Kc5 Rh5+ 49. Kb6 Rxa5 50. Kxa5 h5 51. Kb6 Ne8 0-1

[Event "AUS-ch"]
[Site "Melbourne"]
[Date "2014.01.10"]
[Round "10"]
[White "Hu, Jason"]
[Black "Nemeth, John"]
[Result "0-1"]
[WhiteElo "2118"]
[BlackElo "2115"]
[PlyCount "66"]
[EventDate "2014.01.02"]
[EventType "swiss"]
[EventRounds "11"]
[EventCountry "AUS"]
[SourceTitle "CBM 158 Extra"]
[Source "ChessBase"]
[SourceDate "2014.02.28"]
[SourceVersion "1"]
[SourceVersionDate "2014.02.28"]
[SourceQuality "1"]

1. d4 d5 2. Nf3 Nf6 3. Bg5 e6 4. e3 Be7 5. Bd3 h6 6. Bh4 0-0 7. 0-0 Nbd7 8. c3 c5 9. Nbd2 b6 10. Qe2 Bb7 11. Rfe1 Ne4 12. Bxe7 Qxe7 13. Rad1 e5 14. dxe5 Nxd2 15. Rxd2 Nxe5 16. Nxe5 Qxe5 17. Ba6 Bc6 18. Red1 Rad8 19. Bb5 Bb7 20. Qg4 Rd6 21. Qa4 Qe7 22. Be2 Rg6 23. Bf3 d4 24. e4 Bxe4 25. Re2 Bxf3 26. Rxe7 Rxg2+ 27. Kf1 Rxh2 28. Ke1 Rh1+ 29. Kd2 Rxd1+ 30. Kc2 d3+ 31. Kb3 Bd5+ 32. Ka3 Ra1 33. c4 d2 0-1

[Event "AUS-ch"]
[Site "Melbourne"]
[Date "2014.01.04"]
[Round "4"]
[White "Hu, Jason"]
[Black "Levi, Eddy"]
[Result "1-0"]
[WhiteElo "2118"]
[BlackElo "2134"]
[PlyCount "53"]
[EventDate "2014.01.02"]
[EventType "swiss"]
[EventRounds "11"]
[EventCountry "AUS"]
[SourceTitle "CBM 158 Extra"]
[Source "ChessBase"]
[SourceDate "2014.02.28"]
[SourceVersion "1"]
[SourceVersionDate "2014.02.28"]
[SourceQuality "1"]

1. d4 f5 2. Nf3 Nf6 3. Bf4 e6 4. e3 d6 5. h3 Be7 6. Bc4 0-0 7. Nbd2 d5 8. Be2 c6 9. 0-0 Ne4 10. c4 Nd7 11. Nxe4 fxe4 12. Nd2 Bg5 13. Bh2 Qe8 14. Qb3 Qg6 15. f3 Nf6 16. fxe4 dxe4 17. Be5 Bd7 18. Kh2 b6 19. Rae1 Kh8 20. Bd1 c5 21. dxc5 bxc5 22. Qb7 Rfd8 23. b3 Rac8 24. Bxf6 Bc6 25. Bxd8 Rxd8 26. Qxc6 e5 27. Qxg6 1-0